100 Geography Questions of Varying Difficulty - Statistics

General Stats
  • This quiz has been taken 61,459 times
    54,805 since last reset
  • The average score is 50 of 100
Answer Stats
Hint Answer % Correct
100 What is the largest country in Europe and in Asia? Russia
100%
96 What is the capital of Germany? Berlin
98%
98 What is the world's most populous country? India
98%
97 What is the official language of the Netherlands? Dutch
96%
99 What is the biggest city in Turkey? Istanbul
95%
95 What country completely surrounds the country of Lesotho? South Africa
94%
92 What is England's oldest university? Oxford
93%
94 What is the most common religion in India? Hinduism
92%
86 What country's national bird is the kiwi? New Zealand
91%
93 What mountain range is Mount Everest a part of? Himalayas
89%
78 What is the national animal of the United States? Bald Eagle
88%
76 In what city would you find the tallest building in the world? Dubai
88%
87 What is the capital of the Czech Republic? Prague
88%
79 What de-facto independent country does China claim ownership of? Taiwan
88%
90 What is the holiest city of Islam? Mecca
87%
83 What is the world's biggest river, by volume of water discharged? Amazon
86%
81 What country has the longest total coastline? Canada
86%
75 What is the largest island in the Caribbean? Cuba
86%
91 What city was once called New Amsterdam? New York City
86%
84 What is the westernmost major city on mainland Europe? Lisbon
84%
74 Lemurs are native to what island? Madagascar
84%
89 What is the highest mountain in Africa? Mount Kilimanjaro
84%
88 What region is composed of Sweden, Denmark, and Norway? Scandinavia
84%
82 Which mountain, according to legend, was home of the Greek Gods? Mount Olympus
80%
85 What Ecuadorian island chain was famously visited by Charles Darwin? Galapagos
79%
73 What was the world's tallest building in 1950? Empire State Building
78%
77 What is the Southern Hemisphere's equivalent of the Tropic of Cancer? Tropic of {Capricorn}
77%
70 What strait separates Alaska and Russia? Bering Strait
70%
71 In what body of water is the island of Bahrain located? Persian Gulf
67%
53 What city was once known as Tenochtitlan? Mexico City
66%
57 What "A" word means "island chain"? Archipelago
65%
62 In which country is Khmer the primary language? Cambodia
65%
63 Near which major city would you find Old-Trafford stadium? Manchester
65%
56 Majorca's name means "larger island". What is the "smaller island"? Minorca
64%
72 Other than Turks, what is the largest ethnic group in Turkey? Kurds
62%
67 On what river's "left bank" would you find the district of Saint-Germain-des-Prés? Seine
61%
80 What country, despite having only 7 million residents, has over 800 indigenous languages? Papua New Guinea
60%
44 What alphabet is used in Russia? Cyrillic
59%
54 What musical instrument is considered a symbol of Ireland? Harp
59%
60 What group of people in the United States speak a dialect called Pennsylvania German? Amish
58%
61 What African river separates the ranges of the chimpanzee and the bonobo? Congo River
58%
69 What Egyptian peninsula is part of Asia? Sinai Peninsula
58%
66 What is the former currency of Italy? Italian Lira
57%
64 What city in Japan is famous for beef? Kobe
57%
43 In which language are Kardashian and Sarkisian common surnames? Armenian
56%
59 In what Austrian city was Mozart born? Salzburg
56%
65 What is the title of the ruler of Brunei? Sultan of Brunei
56%
55 What city's regions include Kowloon and the New Territories? Hong Kong
54%
52 From what Roman title are the words Tsar and Kaiser derived? Caesar
53%
51 Which French city is closest to Great Britain? Calais
51%
49 What is the name for the Russian exclave that borders Lithuania and Poland? Kaliningrad
51%
58 On which trail can one walk from Georgia to Maine? {Appalachian} Trail
46%
38 What is the world's largest rodent, found only in South America? Capybara
46%
68 What is the most well-known nickname of Denver, Colorado? The {Mile}-{High} City
46%
11 Which country's flag looks almost exactly like the flag of Romania? Chad
45%
35 What is the second largest desert in Africa? Kalahari Desert
44%
47 What is the name for the French-speaking part of Belgium? (hint: starts with W) Wallonia
44%
42 What is the capital and largest city in the Australian state of Tasmania? Hobart
40%
48 Ellesmere is the tenth largest what in the world? Island
40%
40 What city was capital of China from 1927–1937, before being brutally conquered by Japan? Nanjing
40%
31 On which peninsula would you find Cabo San Lucas? Baja California
39%
39 What constellation is depicted on Australia's flag? Southern Cross
39%
45 On which Turkish mountain is Noah's Ark often said to have landed? Mt. Ararat
38%
28 What name is given to the Northeast part of China? Manchuria
36%
37 What Asian city's mascot is a "Merlion"? Singapore
35%
36 What ethnic group is made up of Egyptian Christians? Copts
34%
50 What is the largest dam on the Nile River? Aswan Dam
32%
33 What is a synonym of the word shire? County
31%
41 What is the largest city on the Gulf Coast of Alabama? Mobile
31%
17 Titograd is the former name of what Balkan capital? Podgorica
31%
29 What "line" divides the northern and southern U.S states? Mason-Dixon Line
30%
46 What is the SECOND most common FIRST language in South Africa? Xhosa
30%
32 What city in the middle of the Amazon rainforest was once home to fabulously wealthy rubber barons? Manaus
29%
18 What is the largest lake in Central America? Lake Nicaragua
27%
23 If measured from its base on the sea floor, what is the world's tallest mountain? Mauna Kea
26%
34 What ethnic group does the ETA separatist movement claim to represent? Basques
24%
30 What massive waterfalls are found on the border of Argentina and Brazil? Iguazu Falls
24%
19 What large coastal city lies near the Indus River flood plain? Karachi
24%
12 Which national capital's name can be translated as "Red Hero"? Ulaanbaatar
24%
27 What is the full name of the English city of Hull? Kingston upon Hull
23%
16 What city is home to Q1, the tallest building in Australia? Gold Coast
21%
25 What political party has ruled South Africa since 1994? African NationalCongress
20%
15 What formerly uninhabited island, starting with the letter P, was settled by HMS Bounty mutineers? Pitcairn Island
20%
14 What is the longest river in Poland? Vistula River
19%
24 Who had his capital at Xanadu? Kublai Khan
16%
13 Western Sahara is a disputed territory in what region of Africa? Maghreb
16%
7 Hilsa, or Ilish, is the national fish of what country? Bangladesh
13%
22 Which valley in California is responsible for 50% of the United States' fruit and vegetable production? Central Valley
12%
5 What is the major city on the Manzanares River? Madrid
12%
20 What strait separates Australia and Papua New Guinea? {Torres} Strait
12%
21 What fiord, located near Queenstown, is one of New Zealand's most well-known tourist destinations? {Milford} Sound
11%
26 What small city in the Ozark mountains is famous for its musical theaters? Branson
10%
8 What Polynesian island located north of New Zealand in the Pacific, is sometimes referred to as the "Rock of Polynesia"? Niue
10%
9 Which country owns the exclave of Madha? Oman
10%
2 What is separated from St. Barthelemy by the canal de Saint-Barthelemy? Sint Maarten
7%
4 The city of Nuuk is on the side of Greenland that borders which strait? {Davis} Strait
5%
10 What is the name of the "treeless" region on the coast of South Australia? Nullarbor
5%
6 What term describes a type of mesa commonly found in Venezuela? Tepui
4%
1 What city in central Croatia is located at the intersection of the Kupa, Sava, and Odra rivers? Sisak
3%
3 Keechelus Lake is the source of what river in Washington state? {Yakima} River
3%
No matching quizzes found
Score Distribution
Percent of People with Each Score
Percentile by Number Answered
Your Score History
You have not taken this quiz since the last reset